| 000 | 00520nam a2200193Ia 4500 | ||
|---|---|---|---|
| 003 | OSt | ||
| 005 | 20220926035452.0 | ||
| 006 | a|||||r|||| 00| 0 | ||
| 007 | ta | ||
| 008 | 220923b |||||||| |||| 00| 0 eng d | ||
| 037 | _cGeneral Book | ||
| 040 |
_aRTL _cRTL _beng |
||
| 041 |
_2eng _aeng |
||
| 082 | _aYy7, J7 | ||
| 100 |
_aPeriman Helen Harris _9342344 |
||
| 245 | 0 |
_aSocial casework _b a problem solving process. |
|
| 942 |
_hYy7, J7 _cGB _2CC |
||
| 999 |
_c662287 _d662287 |
||